Financial Service Compensation Scheme (FSCS) (Record no. 109498)

MARC details
000 -LEADER
fixed length control field 01371cad a22002415a 4500
001 - CONTROL NUMBER
control field L147258
008 - FIXED-LENGTH DATA ELEMENTS--GENERAL INFORMATION
fixed length control field 090421s2009 xxk f f000 0 eng d
020 ## - INTERNATIONAL STANDARD BOOK NUMBER
International Standard Book Number 9781409813163
035 ## - SYSTEM CONTROL NUMBER
System control number (Sirsi) u147258
041 0# - LANGUAGE CODE
Language code of text/sound track or separate title eng
050 04 - LIBRARY OF CONGRESS CALL NUMBER
Classification number 346.4104342 $2 18
110 2# - MAIN ENTRY--CORPORATE NAME
Corporate name or jurisdiction name as entry element United Kingdom
Subordinate unit Department for Communities and Local Government
9 (RLIN) 4939
245 00 - TITLE STATEMENT
Title Financial Service Compensation Scheme (FSCS)
Remainder of title treatment of service charges for residential property
Medium [electronic resource]
260 ## - PUBLICATION, DISTRIBUTION, ETC.
Place of publication, distribution, etc. London
Name of publisher, distributor, etc. DCLG
Date of publication, distribution, etc. 2009
520 ## - SUMMARY, ETC.
Summary, etc. Provides guidance for residential leaseholders and tenants paying service charges and also landlords, managing agents, residential management companies and others responsible for the collection of service charge monies in light of the Financial Services Compensation Scheme. Set out how service charges would be treated in the event of a collapse of a regulated financial institution. Not financial or legal advice.
521 ## - TARGET AUDIENCE NOTE
Target audience note Introductory
590 ## - LOCAL NOTE (RLIN)
Local note KA NTK
650 24 - SUBJECT ADDED ENTRY--TOPICAL TERM
Topical term or geographic name entry element FINANCIAL SERVICES COMPENSATION SCHEME (FSCS)
651 #4 - SUBJECT ADDED ENTRY--GEOGRAPHIC NAME
Geographic name England and Wales
Chronological subdivision 1543-
690 ## - LOCAL SUBJECT ADDED ENTRY--TOPICAL TERM (OCLC, RLIN)
Topical term or geographic name as entry element PROPERTY-RESIDENTIAL PROPERTY-RESIDENTIAL LANDLORD AND TENANT-RESIDENTIAL SERVICE CHARGES
856 40 - ELECTRONIC LOCATION AND ACCESS
Uniform Resource Identifier <a href="https://www.communities.gov.uk/publications/housing/residentialservicecharges">https://www.communities.gov.uk/publications/housing/residentialservicecharges</a>
Public note View the item free of charge at www.communities.gov.uk...
942 ## - ADDED ENTRY ELEMENTS (KOHA)
Suppress in OPAC 0
Holdings
Withdrawn status Lost status Source of classification or shelving scheme Damaged status Not for loan Home library Current library Shelving location Date acquired Total Checkouts Full call number Barcode Date last seen Copy number Price effective from Koha item type
    Dewey Decimal Classification     Virtual Virtual Online 21/04/2009   ONLINE PUBLICATION 147258-1001 06/08/2019 1 06/08/2019 Book